[Event "Philadelphia Open"]
[Site "Philadelphia"]
[Date "2017.04.16"]
[Round "8.28"]
[White "Nyamdorj, Davaa-ochir"]
[Black "Kumar, Aravind"]
[Result "0-1"]
[WhiteElo "2082"]
[BlackElo "2188"]
[Annotator "Hater,David"]
[PlyCount "46"]
[EventDate "2017.04.??"]
[EventType "swiss"]
[EventRounds "9"]
[EventCountry "USA"]

1. e4 e6 2. d4 d5 3. Nc3 Bb4 4. e5 Qd7 5. Qg4 f5 6. Qg3 b6 7. a3 Bf8 8. Nf3 Ba6
9. Bxa6 Nxa6 10. Ne2 O-O-O 11. h4 c6 12. Bd2 Kb7 13. b4 Nh6 14. O-O Nf7 15.
Rfb1 Rg8 16. a4 Nc7 17. b5 cxb5 18. axb5 Nxb5 19. Ne1 a6 20. Qb3 Qc6 21. Ra4
Rc8 22. Rb4 (22. Rb2 Be7 23. Nd3 Rc7 24. Nb4 Qc4 25. Qe3 a5 26. Nxd5 Qxa4 27.
Nxc7 Nxc7 28. Qf3+ Nd5 29. Rb3 Ka7 30. Qh5 Nh6 31. Bxh6 gxh6 32. Qf7 Rc8 33.
Qxe6 Qc6 34. Qxf5 a4 35. Rg3 a3 36. Qf7 Rc7 37. Nc1 Qxc2 38. Qxd5 Qxc1+ 39. Kh2
Qc4 40. Qe4 a2 41. Qe1 Qc1 42. Qe4 a1=Q 43. Rg8 Qh1+ 44. Kg3 Qxh4+) 22... Be7
23. Nd3 Rc7 0-1

[Event "Philadelphia Open"]
[Site "Philadelphia"]
[Date "2017.04.16"]
[Round "8.29"]
[White "Juac, Majur"]
[Black "WIM Eswaran, Ashritha"]
[Result "1-0"]
[WhiteElo "2074"]
[BlackElo "2162"]
[Annotator "Hater,David"]
[PlyCount "69"]
[EventDate "2017.04.??"]
[EventType "swiss"]
[EventRounds "9"]
[EventCountry "USA"]

1. e4 c5 2. Nf3 d6 3. d4 cxd4 4. Nxd4 Nf6 5. Nc3 g6 6. Be3 Bg7 7. f3 Nc6 8. Qd2
O-O 9. Bc4 Bd7 10. g4 Rc8 11. Bb3 Ne5 12. g5 Nh5 13. O-O-O b5 14. Nce2 a5 15.
a3 a4 16. Ba2 b4 17. axb4 a3 18. b3 f5 19. exf5 Bxf5 20. Nxf5 Rxf5 21. Nd4 Rf7
22. b5 Qc7 23. Rhf1 Qc3 24. Qxc3 Rxc3 25. Kd2 Rc8 26. f4 Ng4 27. b4 Nxh2 28. f5
Nxf1+ 29. Rxf1 d5 30. Bxd5 Rd8 31. Bxf7+ Kxf7 32. fxg6+ Kxg6 33. Ra1 (33. Kd3
Ng3 34. Ra1 Nf5 35. c3 e5 36. Bd2 exd4 37. c4 Ra8 38. Ra2 Ne3 39. c5 Nd1 40. b6
Be5 41. Ke4 Re8 42. Rxa3 Nc3+ 43. Kd3 Nb1 44. Ra7 Nxd2 45. Kxd2 Rf8 46. Re7 Kf5
47. c6 Ke4 48. c7 d3 49. Rxe5+ Kd4 50. b7 Rf2+ 51. Kd1 Ra2 52. c8=Q Ra1+ 53.
Qc1) 33... Ng3 34. Rxa3 Nf5 35. c3 1-0

[Event "Philadelphia Open"]
[Site "Philadelphia"]
[Date "2017.04.16"]
[Round "8.30"]
[White "WFM Inapuri, Ramya"]
[Black "Xu, Runya"]
[Result "1/2-1/2"]
[WhiteElo "2157"]
[BlackElo "2065"]
[PlyCount "130"]
[EventDate "2017.04.??"]
[EventType "swiss"]
[EventRounds "9"]
[EventCountry "USA"]

1. d4 Nf6 2. g3 d5 3. Bg2 c6 4. Nf3 e6 5. O-O Nbd7 6. c4 Be7 7. cxd5 exd5 8.
Nc3 O-O 9. Qc2 Re8 10. Bf4 Nf8 11. Bg5 Ng6 12. Bxf6 Bxf6 13. e3 Ne7 14. h3 h6
15. b4 Bf5 16. Qe2 Nc8 17. Kh2 Nd6 18. a4 Nc4 19. Qa2 a5 20. b5 Qd6 21. Nd2 Bd3
22. Rfe1 h5 23. Bf1 Bxf1 24. Nxf1 h4 25. Ne2 hxg3+ 26. Nexg3 g6 27. Nd2 Nxd2
28. Qxd2 Kg7 29. bxc6 bxc6 30. Rac1 Rh8 31. Kg2 Qe6 32. Rh1 Bh4 33. Qe2 Bxg3
34. fxg3 Rab8 35. g4 Rb3 36. Rhe1 Rhb8 37. Rc2 Qe4+ 38. Kh2 Rxe3 39. Qxe3 Qxc2+
40. Re2 Qb3 41. Qe7 Rf8 42. h4 Qf3 43. Qe5+ Qf6 44. Qxf6+ Kxf6 45. Rc2 Rc8 46.
Rc5 Ke6 47. Kg3 Kd6 48. Rxa5 Re8 49. Ra7 Re3+ 50. Kf4 Re4+ 51. Kf3 f5 52. gxf5
gxf5 53. h5 Rh4 54. Rh7 Rxd4 55. a5 Ra4 56. Ra7 Rh4 57. Rh7 Ra4 58. Ra7 Kc5 59.
h6 Rh4 60. h7 Kb5 61. Kg3 Rh5 62. Kf4 d4 63. Ke5 d3 64. Rd7 Kxa5 65. Kf6 Kb4
1/2-1/2

[Event "Philadelphia Open"]
[Site "Philadelphia"]
[Date "2017.04.16"]
[Round "8.31"]
[White "Tannenbaum, Zachary"]
[Black "IM Mandizha, Farai"]
[Result "1-0"]
[WhiteElo "2122"]
[BlackElo "2359"]
[Annotator "Hater,David"]
[PlyCount "88"]
[EventDate "2017.04.??"]
[EventType "swiss"]
[EventRounds "9"]
[EventCountry "USA"]

1. e4 c5 2. Nf3 d6 3. d4 cxd4 4. Nxd4 Nf6 5. Nc3 a6 6. Be3 e5 7. Nb3 Be6 8. h3
Nbd7 9. f4 Rc8 10. Bd3 exf4 11. Bxf4 Be7 12. Qe2 O-O 13. O-O-O Re8 14. g4 Ne5
15. Bxe5 dxe5 16. Bxa6 Qb6 17. Bb5 Red8 18. g5 Ne8 19. h4 Nd6 20. Nd5 Bxd5 21.
Rxd5 Nxb5 22. Rxb5 Qa6 23. Kb1 b6 24. Qf1 Ra8 25. a3 Qa4 26. Rxe5 Bd6 27. Rf5
Qxe4 28. Rxf7 Rdc8 29. Rf2 b5 30. Re2 Qc4 31. Rd2 Bf4 32. Rg2 Be5 33. Qe2 Re8
34. Qxc4+ bxc4 35. Nd2 c3 36. Nc4 Bd4 37. Rg4 Bc5 38. Rh3 cxb2 39. Kxb2 Ra4 40.
Rb3 Rd8 41. Ne5 Raa8 42. Nf3 g6 43. Rc4 Bf8 44. Rc7 Rd5 {White eventually won}
1-0

[Event "Philadelphia Open"]
[Site "Philadelphia"]
[Date "2017.04.16"]
[Round "8.33"]
[White "IM Trujillo, Reinaldo"]
[Black "FM Nguyen, Trung"]
[Result "1-0"]
[WhiteElo "2126"]
[BlackElo "2013"]
[PlyCount "85"]
[EventDate "2017.04.??"]
[EventType "swiss"]
[EventRounds "9"]
[EventCountry "USA"]

1. e4 g6 2. d4 Bg7 3. Nc3 d6 4. g3 Nc6 5. Be3 Nf6 6. h3 O-O 7. Bg2 e5 8. Nge2
exd4 9. Nxd4 Bd7 10. Nde2 Rb8 11. a4 a6 12. a5 Qc8 13. g4 h6 14. Qd2 Kh7 15.
O-O Ng8 16. f4 f5 17. exf5 gxf5 18. g5 Re8 19. Kh2 Nge7 20. h4 Be6 21. Nd4 Nb4
22. Rfe1 Bf7 23. Bh3 c5 24. Nb3 Qc7 25. Ne2 Rbd8 26. Ng3 Qc8 27. Bd4 cxd4 28.
Rxe7 Rxe7 29. Bxf5+ Bg6 30. Bxc8 Rxc8 31. Rc1 Na2 32. f5 Nxc1 33. fxg6+ Kh8 34.
Nxc1 Rec7 35. c3 dxc3 36. bxc3 hxg5 37. Qxg5 Rc5 38. Qf4 Rxc3 39. Nce2 R3c4 40.
Qg5 R4c5 41. Nf5 Rxf5 42. Qxf5 Rc5 43. Qd7 1-0

[Event "Philadelphia Open"]
[Site "Philadelphia"]
[Date "2017.04.16"]
[Round "8.38"]
[White "Wang, Alex"]
[Black "Fernandez, Nelson"]
[Result "1-0"]
[WhiteElo "1985"]
[BlackElo "1922"]
[PlyCount "81"]
[EventDate "2017.04.??"]
[EventType "swiss"]
[EventRounds "9"]
[EventCountry "USA"]

1. e4 e5 2. Nf3 Nc6 3. Bb5 a6 4. Ba4 Nf6 5. O-O Be7 6. Re1 b5 7. Bb3 d6 8. c3
O-O 9. h3 Nb8 10. d4 Nbd7 11. Nbd2 Bb7 12. Bc2 Re8 13. Nf1 Bf8 14. Ng3 g6 15.
a4 c6 16. Bg5 Bg7 17. Qd2 h5 18. Bh6 Bh8 19. Rad1 c5 20. d5 c4 21. Nh2 Nh7 22.
Be3 Bf6 23. Nf3 Qc7 24. Ne2 Nc5 25. axb5 axb5 26. g4 hxg4 27. hxg4 Ra2 28. Rb1
Qd7 29. Nh2 Qc7 30. Nc1 Raa8 31. Kg2 Nf8 32. Rh1 Nfd7 33. Bh6 Bh8 34. g5 Bg7
35. Ng4 Bxh6 36. Rxh6 Kg7 37. Qe3 Kf8 38. Rh7 Ke7 39. Nh6 Rh8 40. Rxf7+ Ke8 41.
Rg7 1-0

[Event "Philadelphia Open"]
[Site "Philadelphia"]
[Date "2017.04.16"]
[Round "8.40"]
[White "Wongso, Steve"]
[Black "Bohorquez, Maria"]
[Result "1-0"]
[WhiteElo "1617"]
[BlackElo "1570"]
[PlyCount "69"]
[EventDate "2017.04.??"]
[EventType "swiss"]
[EventRounds "9"]
[EventCountry "USA"]

1. e4 c5 2. Nf3 e6 3. d4 cxd4 4. Nxd4 a6 5. Nc3 d6 6. a4 Nf6 7. Be2 Qc7 8. O-O
Be7 9. f4 b6 10. Kh1 O-O 11. g4 Bb7 12. Bf3 Nc6 13. Be3 Na5 14. g5 Nd7 15. Bg2
Nc4 16. Bc1 Rac8 17. Rf3 Rfd8 18. Rh3 Nf8 19. b3 Na5 20. Bb2 Nc6 21. f5 Nxd4
22. Qxd4 Bxg5 23. Rg1 Bf6 24. Qf2 Qc5 25. Qd2 exf5 26. exf5 Qxf5 27. Bxb7 Qxh3
28. Rg3 Qf1+ 29. Rg1 Qf5 30. Bxc8 Rxc8 31. Nd5 Qe4+ 32. Qg2 Qxg2+ 33. Rxg2 Ng6
34. Bxf6 gxf6 35. Ne7+ 1-0

[Event "Philadelphia Open"]
[Site "Philadelphia"]
[Date "2017.04.16"]
[Round "9.1"]
[White "GM Sevian, Samuel"]
[Black "Gm Shimanov, Alexander"]
[Result "1/2-1/2"]
[WhiteElo "2574"]
[BlackElo "2650"]
[PlyCount "72"]
[EventDate "2017.04.??"]
[EventType "swiss"]
[EventRounds "9"]
[EventCountry "USA"]

1. e4 c6 2. d4 d5 3. e5 Bf5 4. Nf3 e6 5. Be2 Ne7 6. O-O Bg6 7. Nbd2 c5 8. dxc5
Nec6 9. Nb3 Nd7 10. Be3 Be7 11. Nbd4 Bxc5 12. c4 Nxd4 13. Bxd4 dxc4 14. Bxc4
O-O 15. Bb5 Bxd4 16. Qxd4 Nb6 17. Rfd1 Qxd4 18. Nxd4 Rfd8 19. Be2 Na4 20. Rd2
Nxb2 21. Rxb2 Rxd4 22. Rxb7 Be4 23. Rb2 g5 24. f3 Bd5 25. Rc1 a5 26. Kf2 a4 27.
Ke3 Rh4 28. h3 a3 29. Rd2 Ra5 30. Rb1 Kg7 31. Bd3 Ra8 32. Rb5 Rha4 33. Bf1 h5
34. Bd3 g4 35. hxg4 hxg4 36. Be4 Bxe4 1/2-1/2

[Event "Philadelphia Open"]
[Site "Philadelphia"]
[Date "2017.04.16"]
[Round "9.2"]
[White "IM Checa, Nicolas"]
[Black "GM Lopez, Angel"]
[Result "0-1"]
[WhiteElo "2400"]
[BlackElo "2498"]
[PlyCount "66"]
[EventDate "2017.04.??"]
[EventType "swiss"]
[EventRounds "9"]
[EventCountry "USA"]

1. d4 Nf6 2. c4 g6 3. Nc3 Bg7 4. Nf3 O-O 5. e4 d6 6. Be2 Bg4 7. Be3 Nfd7 8. Rc1
e5 9. d5 a5 10. a3 Bf6 11. Nd2 Bxe2 12. Qxe2 Bg5 13. b4 axb4 14. axb4 c5 15.
dxc6 Nxc6 16. Nd5 Ra2 17. O-O f5 18. exf5 gxf5 19. f4 exf4 20. Nxf4 Qe7 21.
Rce1 Nxb4 22. Qh5 Ne5 23. Nd5 Bxe3+ 24. Nxe3 Qf7 25. Qg5+ Qg6 26. Qxg6+ hxg6
27. Rb1 Rxd2 28. Rxb4 f4 29. Nd5 f3 30. Rxb7 f2+ 31. Kh1 Rd1 32. Ne3 Re1 33. g3
Nxc4 0-1

[Event "Philadelphia Open"]
[Site "Philadelphia"]
[Date "2017.04.16"]
[Round "9.3"]
[White "GM Belous, Vladimir"]
[Black "GM Barbosa, Oliver"]
[Result "1/2-1/2"]
[WhiteElo "2581"]
[BlackElo "2509"]
[PlyCount "103"]
[EventDate "2017.04.??"]
[EventType "swiss"]
[EventRounds "9"]
[EventCountry "USA"]

1. c4 c6 2. Nf3 d5 3. e3 Nf6 4. d4 Bg4 5. h3 Bxf3 6. Qxf3 e6 7. a3 Nbd7 8. Nc3
Bd6 9. Bd3 O-O 10. g4 dxc4 11. Bxc4 Nd5 12. Bd2 a5 13. Bd3 a4 14. h4 Qe7 15. h5
Nxc3 16. Bxc3 Bc7 17. Qg2 e5 18. g5 exd4 19. Bxd4 Ne5 20. Bc2 Qxg5 21. Qxg5
Nf3+ 22. Ke2 Nxg5 23. Rag1 h6 24. Rh4 Rfe8 25. Rhg4 Rad8 26. Bc3 Be5 27. Bxe5
Rxe5 28. Rxa4 Ne6 29. Rd1 Rxh5 30. Rxd8+ Nxd8 31. Rd4 Ne6 32. Rd7 Rc5 33. Bd3
Rd5 34. Rxd5 cxd5 35. Bb1 Kf8 36. Ba2 Nc7 37. Kd3 Ke7 38. e4 dxe4+ 39. Kxe4 h5
40. a4 f6 41. Kf5 g5 42. a5 h4 43. Bc4 h3 44. Bf1 Ne6 45. Bxh3 Nd4+ 46. Kg6 Nb3
47. Bc8 Nxa5 48. b4 Nc6 49. Bxb7 Nxb4 50. f4 gxf4 51. Kf5 Nd3 52. Be4 1/2-1/2

[Event "Philadelphia Open"]
[Site "Philadelphia"]
[Date "2017.04.16"]
[Round "9.4"]
[White "GM Troff, Kayden"]
[Black "GM Sadorra, Julio"]
[Result "0-1"]
[WhiteElo "2492"]
[BlackElo "2580"]
[PlyCount "62"]
[EventDate "2017.04.??"]
[EventType "swiss"]
[EventRounds "9"]
[EventCountry "USA"]

1. d4 Nf6 2. c4 e6 3. Nf3 d5 4. Nc3 c6 5. e3 Nbd7 6. Qc2 Bd6 7. Bd3 O-O 8. O-O
dxc4 9. Bxc4 e5 10. b3 h6 11. h3 Re8 12. dxe5 Nxe5 13. Nxe5 Bxe5 14. Bb2 Qe7
15. Rfd1 Bd7 16. Be2 Rad8 17. Bf3 Qc5 18. Kf1 Bc7 19. Rac1 Bf5 20. Qe2 Qa5 21.
a3 Bb8 22. Rxd8 Qxd8 23. Rd1 Qc7 24. e4 Qh2 25. Qc2 Be5 26. Re1 Bd4 27. Qd2 c5
28. Qc2 Bg6 29. Qd2 Bh5 30. g4 Qxh3+ 31. Bg2 Qxg4 0-1

[Event "Philadelphia Open"]
[Site "Philadelphia"]
[Date "2017.04.16"]
[Round "9.5"]
[White "GM Molner, Mackenzie"]
[Black "GM Erenburg, Sergey"]
[Result "1-0"]
[WhiteElo "2450"]
[BlackElo "2568"]
[PlyCount "85"]
[EventDate "2017.04.??"]
[EventType "swiss"]
[EventRounds "9"]
[EventCountry "USA"]

1. e4 c6 2. d4 d5 3. e5 Bf5 4. Nf3 e6 5. Be2 Ne7 6. O-O Bg6 7. Nbd2 c5 8. dxc5
Nec6 9. Nb3 Nd7 10. Be3 Be7 11. Rc1 O-O 12. c4 dxc4 13. Nbd2 Ncxe5 14. Nxe5
Nxe5 15. Nxc4 Nd3 16. Bxd3 Bxd3 17. Re1 Be4 18. Bf4 Bd5 19. b4 Qd7 20. Ne3 Bc6
21. Qxd7 Bxd7 22. Nf5 Bd8 23. Nd6 Bc7 24. Bg3 Bc6 25. Nxb7 Bxg3 26. Na5 Bxf2+
27. Kxf2 Bd5 28. a3 Rab8 29. c6 Rfc8 30. Rc5 a6 31. c7 Rb5 32. Rxb5 axb5 33.
Rc1 Kf8 34. a4 bxa4 35. b5 Ke7 36. Rc3 a3 37. b6 a2 38. Rc1 Kd7 39. Rd1 Ra8 40.
b7 a1=Q 41. c8=Q+ Rxc8 42. bxc8=Q+ Kxc8 43. Rxa1 1-0

[Event "Philadelphia Open"]
[Site "Philadelphia"]
[Date "2017.04.16"]
[Round "9.6"]
[White "GM Li, Ruifeng"]
[Black "Brodsky, David"]
[Result "1-0"]
[WhiteElo "2565"]
[BlackElo "2313"]
[PlyCount "95"]
[EventDate "2017.04.??"]
[EventType "swiss"]
[EventRounds "9"]
[EventCountry "USA"]

1. b3 d5 2. Bb2 Bg4 3. f3 Bf5 4. e3 Nd7 5. f4 Ngf6 6. Nf3 e6 7. g3 Bd6 8. Bg2
Qe7 9. Nc3 Ba3 10. Qc1 Bxb2 11. Qxb2 O-O-O 12. O-O h5 13. Nh4 Bh7 14. Nb5 Kb8
15. b4 Rhg8 16. a4 Ne4 17. d3 Nd6 18. Qd4 c5 19. bxc5 Nxb5 20. axb5 Qxc5 21.
Qxc5 Nxc5 22. Ra2 a6 23. bxa6 Nxa6 24. Rb1 Kc8 25. Nf3 Rd7 26. Nd4 g5 27. fxg5
Rxg5 28. Rb6 Rg6 29. Nf3 Rc7 30. Bh3 Kd8 31. Rab2 Nc5 32. R6b4 Rg7 33. Rh4 Bg6
34. Ne5 Ke7 35. Rhb4 Kf6 36. d4 Be4 37. c4 Na6 38. Rxb7 Rxb7 39. Rxb7 dxc4 40.
Ra7 Nb4 41. Nxc4 h4 42. Ra4 Nd3 43. Nd6 Bc6 44. Rc4 Bd7 45. Bf1 Ke7 46. Nb7 Nb2
47. Rc7 Ke8 48. Nc5 1-0

[Event "Philadelphia Open"]
[Site "Philadelphia"]
[Date "2017.04.16"]
[Round "9.7"]
[White "IM Vazquez, Guillermo"]
[Black "GM Paragua, Mark"]
[Result "0-1"]
[WhiteElo "2446"]
[BlackElo "2521"]
[PlyCount "102"]
[EventDate "2017.04.??"]
[EventType "swiss"]
[EventRounds "9"]
[EventCountry "USA"]

1. e4 c5 2. Nf3 d6 3. d4 cxd4 4. Qxd4 Nc6 5. Bb5 Bd7 6. Qd3 g6 7. O-O Bg7 8. c4
Nf6 9. Nc3 O-O 10. h3 Rc8 11. Be3 Nb4 12. Qe2 a6 13. Bxd7 Nxd7 14. Rac1 Nc6 15.
Rfd1 Na5 16. Nd5 e6 17. Nf4 Qc7 18. b3 Nc6 19. Nd3 Qa5 20. Rc2 Rfd8 21. Bd2 Qc7
22. Bg5 Re8 23. Qe3 b6 24. Bf4 f5 25. exf5 e5 26. fxg6 hxg6 27. Qe4 exf4 28.
Qd5+ Kh8 29. Nxf4 Nde5 30. Nxg6+ Nxg6 31. Qh5+ Kg8 32. Qxg6 Ne5 33. Nxe5 dxe5
34. Rcd2 Re7 35. h4 e4 36. h5 Kh8 37. h6 Bc3 38. Rd6 Rg8 39. Qf5 e3 40. fxe3
Rxe3 41. Rd7 Rxg2+ 42. Kxg2 Qg3+ 43. Kh1 Qh4+ 44. Kg1 Rg3+ 45. Kf1 Qh1+ 46. Ke2
Qg2+ 47. Qf2 Qe4+ 48. Kf1 Rf3 49. h7 Rxf2+ 50. Kxf2 Bg7 51. Rxg7 Qc2+ 0-1

[Event "Philadelphia Open"]
[Site "Philadelphia"]
[Date "2017.04.16"]
[Round "9.8"]
[White "IM Mulyar, Michael"]
[Black "GM Berczes, David"]
[Result "1/2-1/2"]
[WhiteElo "2390"]
[BlackElo "2500"]
[PlyCount "59"]
[EventDate "2017.04.??"]
[EventType "swiss"]
[EventRounds "9"]
[EventCountry "USA"]

1. d4 d5 2. c4 c6 3. Nc3 Nf6 4. e3 e6 5. Nf3 Nbd7 6. Bd3 dxc4 7. Bxc4 b5 8. Bd3
Bd6 9. O-O O-O 10. b3 Bb7 11. Bb2 b4 12. Na4 c5 13. dxc5 Nxc5 14. Nxc5 Bxc5 15.
Qe2 Qd5 16. Rfd1 Qh5 17. Ba6 Be4 18. Rac1 Rad8 19. Nd2 Qg5 20. Nxe4 Nxe4 21.
Bd3 Nc3 22. Bxc3 bxc3 23. Rxc3 g6 24. Bc4 Rxd1+ 25. Qxd1 Rd8 26. Rd3 Rxd3 27.
Qxd3 Qe5 28. Qd1 Kg7 29. g3 Qb2 30. Qe2 1/2-1/2

[Event "Philadelphia Open"]
[Site "Philadelphia"]
[Date "2017.04.16"]
[Round "9.9"]
[White "FM Homa, Seth"]
[Black "IM Gurevich, Daniel"]
[Result "1/2-1/2"]
[WhiteElo "2326"]
[BlackElo "2465"]
[PlyCount "120"]
[EventDate "2017.04.??"]
[EventType "swiss"]
[EventRounds "9"]
[EventCountry "USA"]

1. c4 e5 2. Nc3 Nf6 3. Nf3 Nc6 4. e3 Bb4 5. Qc2 O-O 6. Nd5 Re8 7. Qf5 d6 8.
Nxf6+ Qxf6 9. Qxf6 gxf6 10. a3 Bc5 11. b4 Bb6 12. Bb2 f5 13. Be2 a5 14. b5 Ne7
15. d4 Ng6 16. c5 dxc5 17. dxe5 a4 18. Bc4 Be6 19. Bxe6 fxe6 20. O-O-O Ra5 21.
Rd7 Nf8 22. Rd3 Rxb5 23. g4 c4 24. Rc3 Rc5 25. Rg1 Kf7 26. gxf5 exf5 27. e4
fxe4 28. Ng5+ Ke7 29. Nxe4 Rxe5 30. Rxc4 Rf5 31. Rg7+ Rf7 32. Rxf7+ Kxf7 33.
Rxa4 Ne6 34. Nf6 Nc5 35. Rh4 Re2 36. Rxh7+ Kg6 37. Rh3 Na4 38. Rg3+ Kf7 39. Nd5
Rxb2 40. Nc3 Rxf2 41. Nxa4 Bd4 42. Rd3 Be5 43. h3 b5 44. Nc3 c6 45. Ne4 Re2 46.
Ng5+ Ke7 47. Nf3 Bf6 48. Nd4 Bxd4 49. Rxd4 Re3 50. a4 c5 51. Rd5 Rc3+ 52. Kb2
b4 53. a5 Ke6 54. Rg5 Kd6 55. h4 Rh3 56. h5 c4 57. a6 Rh2+ 58. Kb1 b3 59. Rb5
Ra2 60. h6 Rxa6 1/2-1/2

[Event "Philadelphia Open"]
[Site "Philadelphia"]
[Date "2017.04.16"]
[Round "9.10"]
[White "FM Gorti, Akshita"]
[Black "IM Balakrishnan, Praveen"]
[Result "1-0"]
[WhiteElo "2261"]
[BlackElo "2436"]
[PlyCount "60"]
[EventDate "2017.04.??"]
[EventType "swiss"]
[EventRounds "9"]
[EventCountry "USA"]

1. d4 e6 2. e4 d5 3. Nd2 c5 4. exd5 Qxd5 5. Ngf3 cxd4 6. Bc4 Qd6 7. O-O Nf6 8.
Nb3 Nc6 9. Nbxd4 Nxd4 10. Nxd4 a6 11. Re1 Qc7 12. Bd3 Bd6 13. Nf5 Bxh2+ 14. Kh1
Kf8 15. Nxg7 h5 16. Qf3 Be5 17. Rxe5 Qxe5 18. Bf4 Qd5 19. Qe2 Ng4 20. f3 Qd4
21. Bd2 Qf2 22. Qe4 Qxd2 23. fxg4 hxg4+ 24. Kg1 g3 25. Be2 Qg5 26. Qd4 e5 27.
Qc5+ Kxg7 28. Rd1 Be6 29. Rd3 Rac8 30. Qa3 Rh1+ 1-0

[Event "Philadelphia Open"]
[Site "Philadelphia"]
[Date "2017.04.16"]
[Round "9.11"]
[White "Umayan, Vincent"]
[Black "Zhu, Jack"]
[Result "1/2-1/2"]
[WhiteElo "1983"]
[BlackElo "2427"]
[PlyCount "64"]
[EventDate "2017.04.??"]
[EventType "swiss"]
[EventRounds "9"]
[EventCountry "USA"]

1. d4 d5 2. Nf3 Nf6 3. c4 e6 4. Nc3 Bb4 5. cxd5 exd5 6. Bg5 Nbd7 7. a3 Bxc3+ 8.
bxc3 c5 9. Bxf6 Nxf6 10. e3 Qa5 11. Qb3 O-O 12. dxc5 Ne4 13. Qb4 Qxc5 14. Qxc5
Nxc5 15. c4 Be6 16. cxd5 Bxd5 17. Be2 Rac8 18. O-O Na4 19. Nd4 Rc5 20. Bg4 g6
21. Rfc1 b6 22. Rxc5 bxc5 23. Nb5 Rb8 24. Be2 a5 25. f3 Bc6 26. Nd6 Kf8 27. Nc4
Nc3 28. Bf1 a4 29. Rc1 Nb5 30. Kf2 Ke7 31. e4 Be8 32. Be2 Nd4 1/2-1/2

[Event "Philadelphia Open"]
[Site "Philadelphia"]
[Date "2017.04.16"]
[Round "9.13"]
[White "Hong, Andrew"]
[Black "FM Pressman, Leif"]
[Result "1/2-1/2"]
[WhiteElo "2378"]
[BlackElo "2288"]
[PlyCount "60"]
[EventDate "2017.04.??"]
[EventType "swiss"]
[EventRounds "9"]
[EventCountry "USA"]

1. e4 e5 2. Nf3 Nc6 3. Bb5 a6 4. Ba4 Nf6 5. O-O Be7 6. Re1 b5 7. Bb3 O-O 8. a4
b4 9. d4 d6 10. dxe5 Nxe5 11. Nxe5 dxe5 12. Qe2 Bc5 13. Be3 Qe7 14. f3 Be6 15.
Nd2 Rfd8 16. Rad1 Nd7 17. a5 Bxe3+ 18. Qxe3 Nc5 19. Bxe6 Nxe6 20. Nb3 Rxd1 21.
Rxd1 Rd8 22. Rd2 Kf8 23. g3 Rxd2 24. Qxd2 Ke8 25. Kf2 Qd6 26. Qd5 Kd7 27. Ke2
c6 28. Qc4 c5 29. Ke3 f6 30. c3 bxc3 1/2-1/2

[Event "Philadelphia Open"]
[Site "Philadelphia"]
[Date "2017.04.16"]
[Round "9.14"]
[White "FM Thavandiran, Shiyam"]
[Black "Niemann, Hans"]
[Result "0-1"]
[WhiteElo "2375"]
[BlackElo "2281"]
[PlyCount "50"]
[EventDate "2017.04.??"]
[EventType "swiss"]
[EventRounds "9"]
[EventCountry "USA"]

1. e4 e6 2. d4 d5 3. exd5 exd5 4. Nf3 Bd6 5. Bd3 Ne7 6. O-O Bg4 7. c3 Nbc6 8.
Nbd2 Qd7 9. Re1 O-O-O 10. b4 Ng6 11. b5 Nce7 12. Qa4 Kb8 13. Ne5 Bxe5 14. dxe5
d4 15. c4 Nf4 16. Bf1 d3 17. Bb2 Be2 18. h3 Qf5 19. Qb4 Neg6 20. c5 Qg5 21. Ne4
Nxh3+ 22. Kh2 Qh6 23. gxh3 Bxf1 24. Rxf1 Nf4 25. Kg3 Qxh3+ 0-1

[Event "Philadelphia Open"]
[Site "Philadelphia"]
[Date "2017.04.16"]
[Round "9.15"]
[White "IM Ippolito, Dean"]
[Black "FM Li, Ben"]
[Result "1/2-1/2"]
[WhiteElo "2365"]
[BlackElo "2230"]
[PlyCount "88"]
[EventDate "2017.04.??"]
[EventType "swiss"]
[EventRounds "9"]
[EventCountry "USA"]

1. d4 d5 2. c4 e6 3. Nf3 Nf6 4. g3 dxc4 5. Bg2 Bd7 6. Ne5 Bc6 7. Nxc6 Nxc6 8.
e3 Qd7 9. O-O Rb8 10. a4 Na5 11. Nd2 c5 12. Qc2 cxd4 13. Nxc4 Qc7 14. b3 Nxc4
15. exd4 Rc8 16. bxc4 Qxc4 17. Qxc4 Rxc4 18. Bxb7 Bd6 19. Ba6 Rc7 20. Bd2 Ke7
21. Rab1 Rd7 22. Rfc1 Rb8 23. Rxb8 Bxb8 24. Bb4+ Bd6 25. Ba5 Ba3 26. Rc3 Rd5
27. Rc7+ Rd7 28. Rc3 Rd5 29. Bb5 a6 30. Rxa3 axb5 31. Bb4+ Kd7 32. axb5 Rxb5
33. Ra7+ Ke8 34. Ra8+ Kd7 35. Bf8 g6 36. Ra7+ Ke8 37. Ra8+ Kd7 38. Ra7+ Ke8 39.
Bc5 Nd7 40. Bd6 f5 41. Ra8+ Kf7 42. Rh8 Nf6 43. Be5 h5 44. Ra8 Rb7 1/2-1/2

[Event "Philadelphia Open"]
[Site "Philadelphia"]
[Date "2017.04.16"]
[Round "9.16"]
[White "IM Haubro, Martin"]
[Black "Paciorkowski, Lev"]
[Result "1-0"]
[WhiteElo "2355"]
[BlackElo "2158"]
[PlyCount "77"]
[EventDate "2017.04.??"]
[EventType "swiss"]
[EventRounds "9"]
[EventCountry "USA"]

1. e4 c5 2. Nf3 e6 3. d4 cxd4 4. Nxd4 a6 5. Bd3 Nf6 6. O-O Qc7 7. c4 Nc6 8. Be3
Ne5 9. h3 b6 10. Nc3 Bb7 11. Rc1 Nxd3 12. Qxd3 Rc8 13. b3 Be7 14. f4 d6 15. f5
e5 16. Nde2 Qb8 17. Kh2 Qa8 18. Ng3 h5 19. Nd5 h4 20. Ne2 Nxd5 21. cxd5 Rxc1
22. Rxc1 b5 23. Qc3 Bd8 24. Ng1 Qb8 25. Nf3 Kd7 26. Bg5 Bb6 27. Bxh4 Qa7 28.
Bg5 Rc8 29. Qe1 Bf2 30. Qe2 Rxc1 31. Bxc1 Qc5 32. Bd2 b4 33. Ng5 Bh4 34. Qh5
Qf2 35. Qxf7+ Kc8 36. Qf8+ Kd7 37. Qxg7+ Kc8 38. Ne6 Kb8 39. Be3 1-0

[Event "Philadelphia Open"]
[Site "Philadelphia"]
[Date "2017.04.16"]
[Round "9.20"]
[White "FM Jayaraman, Aravind"]
[Black "IM Trujillo, Reinaldo"]
[Result "1-0"]
[WhiteElo "2188"]
[BlackElo "2126"]
[PlyCount "83"]
[EventDate "2017.04.??"]
[EventType "swiss"]
[EventRounds "9"]
[EventCountry "USA"]

1. d4 Nf6 2. c4 e6 3. g3 c5 4. d5 exd5 5. cxd5 d6 6. Nc3 g6 7. Bg2 Bg7 8. Nf3
O-O 9. O-O Re8 10. Bf4 a6 11. a4 Qc7 12. Rc1 Nbd7 13. b4 b6 14. h3 Nh5 15. Bd2
Qb8 16. g4 Nhf6 17. bxc5 dxc5 18. Rb1 Ra7 19. Ne1 Rb7 20. Nd3 Bf8 21. e4 c4 22.
Nb4 Bxb4 23. Rxb4 b5 24. axb5 axb5 25. Be3 Ne5 26. Qd4 Nfxg4 27. hxg4 Nxg4 28.
f4 Nxe3 29. Qxe3 Bd7 30. Rfb1 Qa8 31. Kh2 Qa3 32. Qd4 Reb8 33. d6 Qa7 34. Qxa7
Rxa7 35. e5 Ra3 36. Nxb5 Re3 37. Nd4 Rxb4 38. Rxb4 g5 39. Rb7 Bg4 40. d7 Bxd7
41. Rxd7 gxf4 42. Rd8+ 1-0

[Event "Philadelphia Open"]
[Site "Philadelphia"]
[Date "2017.04.16"]
[Round "9.21"]
[White "Huang, Andy"]
[Black "FM Guo, Arthur"]
[Result "0-1"]
[WhiteElo "2196"]
[BlackElo "2061"]
[PlyCount "88"]
[EventDate "2017.04.??"]
[EventType "swiss"]
[EventRounds "9"]
[EventCountry "USA"]

1. e4 c5 2. Nf3 d6 3. d4 cxd4 4. Nxd4 Nf6 5. Nc3 a6 6. Bg5 e6 7. f4 Be7 8. Qf3
h6 9. Bh4 Qc7 10. O-O-O Nbd7 11. g4 g5 12. fxg5 Ne5 13. Qe2 Nfxg4 14. Bg2 hxg5
15. Bg3 Bd7 16. h3 Nf6 17. Nf3 Nh5 18. Bh2 Nf4 19. Bxf4 gxf4 20. Qd2 Nc4 21.
Qd4 O-O-O 22. Bf1 Ne3 23. Re1 Nxf1 24. Rexf1 Rdg8 25. Qd2 Bf6 26. Ne2 Bb5 27.
Rfg1 Rxg1+ 28. Rxg1 Bxe2 29. Qxe2 Qb6 30. c3 Rxh3 31. Rg8+ Kd7 32. Kc2 Qc6 33.
Rf8 Ke7 34. Rb8 Rg3 35. Kd2 Qb6 36. Kc2 Qa7 37. Rc8 b5 38. e5 Kd7 39. Rf8 Ke7
40. Rc8 dxe5 41. Nxe5 Qe3 42. Rc7+ Kd6 43. Qh5 Qxe5 44. Qxf7 Qe4+ 0-1